000 01007nam a2200121Ia 4500
008 220620s9999||||xx |||||||||||||| ||und||
245 0 _aMeasuring Emission of Agricultural Greenhouse Gases and Developing Mitigation Options using Nuclear and Related Techniques
_bApplications of Nuclear Techniques for GHGs
546 _aEnglish[eng]
650 _aClimate Change||Climate Change/Climate Change Impacts||Agriculture||Measurement Science and Instrumentation||Applied Ecology||Soil Science & Conservation||Environmental Sciences||Earth System Sciences||Soil Science||Climate change impacts||Greenhouse gas methodologies||Mitigation and adaption of GHG||Nuclear and isotopic techniques||Agricultural soils and ruminants||Open Access||Agricultural science||Scientific standards, measurement etc||Sedimentology & pedology
700 _aZaman, Mohammad||Heng, Lee||Müller, Christoph
856 _uhttps://library.oapen.org/bitstream/20.500.12657/46805/1/2021_Book_MeasuringEmissionOfAgricultura.pdf
942 _cEB
999 _c31830
_d31830